| 000 | 00384nam a2200145Ia 4500 | ||
|---|---|---|---|
| 008 | 231217s9999 xx 000 0 und d | ||
| 041 | _aEnglish | ||
| 082 | _a001.640403 MCD;2 R1 | ||
| 100 | _aMcDaniel, George Comp. | ||
| 245 | 0 | _aIBM dictionary of computing | |
| 260 |
_c1994 _bMcGraw-Hill, _aNew York |
||
| 300 | _axi+758 | ||
| 650 | _aIBM,dictionary,computing | ||
| 942 | _cAA | ||
| 999 |
_c172165 _d172165 |
||